Normal view
MARC view
Entry Personal Name
001 - CONTROL NUMBER
- control field: 59495
003 - CONTROL NUMBER IDENTIFIER
- control field: dpl
005 - DATE AND TIME OF LATEST TRANSACTION
- control field: 20231204172057.0
008 - FIXED-LENGTH DATA ELEMENTS
- fixed length control field: 231204|| aca||aabn | a|a d
040 ## - CATALOGING SOURCE
- Original cataloging agency: dpl
- Transcribing agency: dpl
100 ## - HEADING--PERSONAL NAME
- Personal name: Rajesh, Karen
670 ## - SOURCE DATA FOUND
- Source citation: Work cat.: (dpl)196786: Rajesh, Karen, Devi's Grace:, 2011
